| 000 | 00483nam a22001577a 4500 | ||
|---|---|---|---|
| 003 | macl | ||
| 005 | 20240509170849.0 | ||
| 008 | 240509b |||||||| |||| 00| 0 eng d | ||
| 040 | _cmacl | ||
| 082 | _a333 | ||
| 100 |
_aदास, डॉ. सुनन्दा _982356 |
||
| 245 | _aप्रदूषण जनित रोग | ||
| 260 |
_aभोपाल _bआईसेक्ट पब्लिकेशन _c2022 |
||
| 650 | _aपर्यावरण | ||
| 942 |
_2ddc _cHIN |
||
| 999 |
_c66829 _d66829 |
||